• 首页
  • 本馆介绍
  • 公告通知
  • 最新文献
  • 馆藏检索
  • 电子资源
  • 读者导购
  • 参考咨询
  • 我的图书馆
  • 登录
  • 详细信息显示
  • 放入我的书架
  • 预约/预借图书
  • 作者相关作品
  • 分类相关作品
  • 丛书相关作品
  • 出版社相关作品

书目信息

  • 表格格式
  • 工作单格式
  • 卡片格式
题名:
神秘的兽类王国
    
 
作者: 本书编写组编
分册:  
出版信息: 广州   广东世界图书出版公司  2010
页数: 200页
开本: 23cm
丛书名: 走进科学
单 册:
中图分类: Q959.8-49 , Q959.8
科图分类:
主题词: 哺乳动物纲--青年读物
电子资源:
ISBN: 978-7-5100-1560-1
000 00678oam2 2200241 450
001 2356402487
005 20231109084028.87
010    @a978-7-5100-1560-1@dCNY38.00
100    @a20100720d2010 cemy0chiy0110 ea
101 0  @achi
102    @aCN@b440000
105    @aa z 000yy
200 1  @a神秘的兽类王国@Ashen mi de shou lei wang guo@f本书编写组编
210    @a广州@c广东世界图书出版公司@d2010
215    @a200页@c图@d23cm
225 2  @a走进科学@i生物世界丛书
461  0 @12001 @a走进科学
462  0 @12001 @a生物世界丛书
606 0  @a哺乳动物纲@j青年读物
690    @aQ959.8-49@v5
690    @aQ959.8@v4
801  0 @aCN@b山东中教@c20230926
905    @aBZT@dQ959.8@e3
    
    神秘的兽类王国/本书编写组编.-广州:广东世界图书出版公司,2010
    200页:图;23cm.-(走进科学.生物世界丛书)
    
    
    ISBN 978-7-5100-1560-1:CNY38.00
    
●
相关链接 在五车中查询图书 在当当中查询图书 在豆瓣中查询图书


正题名:神秘的兽类王国     索取号:Q959.8/3         预约/预借

序号 登录号 条形码 馆藏地/架位号 状态 备注
1 2000956271   2000956271   第四书库/四29架A面5层2列/ [索取号:Q959.8/3] 在馆    
2 2000956272   2000956272   第四书库/四29架A面5层2列/ [索取号:Q959.8/3] 在馆    
3 2000956273   2000956273   第四书库/四29架A面5层2列/ [索取号:Q959.8/3] 在馆    
4 2000956274   2000956274   第四书库/四29架A面5层2列/ [索取号:Q959.8/3] 在馆    
5 2000956275   2000956275   第四书库/四29架A面5层2列/ [索取号:Q959.8/3] 在馆    
6 2000956276   2000956276   第四书库/四29架A面5层2列/ [索取号:Q959.8/3] 在馆    
山东省滨州职业学院图书馆 欢迎您!
大连网信软件有限公司© 版权所有